La madera y su estereotomía / (Record no. 164044)

MARC details
000 -LEADER
campo de control de longitud fija 00674nam a2200181 i 4500
001 - NÚMERO DE CONTROL
campo de control 164044
003 - IDENTIFICADOR DE NÚMERO DE CONTROL
campo de control ES-MaACL
005 - FECHA Y HORA DE LA ÚLTIMA TRANSACCIÓN
campo de control 20230906212848.0
008 - DATOS DE LONGITUD FIJA--INFORMACIÓN GENERAL
campo de control de longitud fija 980710s1900 sp |||| | spa d
040 ## - FUENTE DE CATALOGACIÓN
Centro catalogador/agencia de origen AS
Lengua de catalogación spa
Centro/agencia transcriptor AS
100 1# - ENTRADA PRINCIPAL--NOMBRE DE PERSONA
Nombre de persona Rovira y Rabassa, Antonio.
9 (RLIN) 100161
245 13 - MENCIÓN DEL TÍTULO
Título La madera y su estereotomía /
Mención de responsabilidad, etc. por Antonio Rovira y Rabassa.
260 ## - PUBLICACIÓN, DISTRIBUCIÓN, ETC.
Lugar de publicación, distribución, etc. Barcelona :
Nombre del editor, distribuidor, etc. Librería de Alvaro Verdaguer,
Fecha de publicación, distribución, etc. 1900 (
Fabricante Imprenta de la Casa Provincial de Caridad)
300 ## - DESCRIPCIÓN FÍSICA
Extensión 2 v. :
Otras características físicas il ;
Dimensiones 28 cm.
505 8# - NOTA DE CONTENIDO CON FORMATO
Nota de contenido con formato Contiene : [texto] (390 p.) - Láminas (16 h. de lám.)
650 #4 - PUNTO DE ACCESO ADICIONAL DE MATERIA--TÉRMINO DE MATERIA
Término de materia o nombre geográfico como elemento de entrada Estereotomía.
9 (RLIN) 161097
852 ## - LOCALIZACIÓN
Ubicación ES-MaACL
Número de control de estantería G-5987
Nota libre -- Enc. hol.
-- -- Enc. 2 t. en 1 v.
Holdings
Estatus retirado Estado de pérdida Estado de daño No para préstamo Colección Biblioteca de origen Biblioteca actual Ubicación en estantería Fecha de adquisición Fuente de adquisición Total de préstamos Signatura topográfica completa Código de barras Visto por última vez Precio de reemplazo Tipo de ítem Koha
        Libros del s. XIX Biblioteca del Ateneo de Madrid Biblioteca del Ateneo de Madrid Depósito 2 17/01/2008     G-5987 1171927 23/02/2023 23/02/2023 Libro impreso antiguo